| 000 | 00697cab a2200217 4500 | ||
|---|---|---|---|
| 001 | WB2340-01 | ||
| 008 | 090401t1987 xxu||||| |||| 00| 0 eng d | ||
| 035 | _a(Sirsi) u19149 | ||
| 041 | _aeng | ||
| 245 | _aConversion s make money | ||
| 260 | _c1987 | ||
| 350 | _a0 | ||
| 490 |
_aBig Farm Weekly _vvol 11 no 39, 1/10/87 p2 |
||
| 520 | _aAccording to a report by the College of Estate Management , conversion of farm buildings into rentable workshops or offices can give a return on invested capital of up to 20%. Report available for loan. | ||
| 650 | _aCAPITAL INVESTMENT | ||
| 650 | _aFARMS | ||
| 650 | _aINVESTMENT | ||
| 690 | _aRURAL PRACTICE | ||
| 942 | _n0 | ||
| 948 | _c04/03/1997 | ||
| 999 |
_c12755 _d12755 |
||